Statistics for Fylker i Norge/Counties in Norway

Click here to take the quiz!

General Stats

  • This quiz has been taken 83 times
  • The average score is 13 of 19

Answer Stats

Svar% Correct
Oslo
92%
Finnmark
81%
Nordland
81%
Troms
79%
Vestfold
75%
Akershus
74%
Møre og Romsdal
74%
Oppland
74%
Trøndelag
74%
Østfold
72%
Hordaland
68%
Rogaland
68%
Telemark
68%
Vest-Agder
66%
Aust-Agder
64%
Buskerud
64%
Sogn og Fjordane
62%
Hedmark
60%
Svalbard
28%

Score Distribution

Percentile by Number Answered

Percent of People with Each Score

Your Score History

You have not taken this quiz